[Event "KAZ-ch U20"]
[Site "Almaty"]
[Date "2025.05.03"]
[Round "5"]
[White "Khazhatuly, Alikhan"]
[Black "Syzdyk, Samir"]
[Result "0-1"]
[WhiteElo "2196"]
[BlackElo "1993"]
[PlyCount "160"]
[EventDate "2025.05.01"]
[EventType "swiss"]
[EventRounds "9"]
[EventCountry "KAZ"]
[SourceTitle "CB19_2025"]
[SourceDate "2025.05.07"]
[SourceVersion "1"]
[SourceVersionDate "2025.05.07"]
[SourceQuality "1"]

1. e4 d6 2. d4 Nf6 3. Nc3 e5 4. Nf3 Nbd7 5. Bc4 Be7 6. 0-0 0-0 7. Re1 c6 8. a4 Re8 9. a5 h6 10. h3 exd4 11. Nxd4 Bf8 12. Bf4 Nc5 13. Qf3 Ne6 14. Bxe6 Bxe6 15. a6 Qb6 16. axb7 Qxb7 17. e5 dxe5 18. Bxe5 Nd5 19. Nxd5 Bxd5 20. Qg3 Qd7 21. Rad1 Rad8 22. b4 Kh8 23. c3 f6 24. Bf4 Bf7 25. Rxe8 Rxe8 26. Qf3 Rd8 27. Rd2 Rc8 28. Ne2 Qe6 29. Be3 a6 30. Nf4 Qf5 31. Qe2 Ra8 32. Qd1 a5 33. bxa5 Qxa5 34. Rd7 Be8 35. Rd3 Kg8 36. Qg4 Bf7 37. Qd7 Qb5 38. Rd1 Re8 39. Qa7 g5 40. Nd3 Rd8 41. Bd4 c5 42. Bxf6 Rxd3 43. Re1 Qd7 44. Qa1 Qf5 45. Be5 Rd2 46. Bg3 Qc2 47. Qa8 Rd1 48. Rxd1 Qxd1+ 49. Kh2 Qd5 50. Qb8 Qe6 51. Qd8 Qe8 52. Qc7 Qe7 53. Qb8 Kh7 54. Qb1+ Bg6 55. Qb8 Qf7 56. Qe5 c4 57. h4 Bg7 58. Qe3 gxh4 59. Bxh4 Qc7+ 60. f4 Qa5 61. Be1 Qh5+ 62. Kg1 Bd3 63. Qf2 Qd1 64. Kh2 Qe2 65. Qh4 Be4 66. Qg3 Bf6 67. Bf2 Qd3 68. Be3 Qxc3 69. Qh3 Bg7 70. g4 Qc2+ 71. Kg3 Qe2 72. Kh4 Qe1+ 73. Qg3 Bf6+ 74. g5 Qxg3+ 75. Kxg3 hxg5 76. fxg5 Be5+ 77. Kg4 Kg6 78. Bc1 Bc3 79. Kf4 Bf5 80. Kg3 Be1+ 0-1

[Event "KAZ-ch U20"]
[Site "Almaty"]
[Date "2025.05.03"]
[Round "6"]
[White "Syzdyk, Samir"]
[Black "Bayantas, Asman"]
[Result "*"]
[WhiteElo "1993"]
[BlackElo "2107"]
[PlyCount "69"]
[EventDate "2025.05.01"]
[EventType "swiss"]
[EventRounds "9"]
[EventCountry "KAZ"]
[SourceTitle "CB19_2025"]
[SourceDate "2025.05.07"]
[SourceVersion "1"]
[SourceVersionDate "2025.05.07"]
[SourceQuality "1"]

1. e4 c6 2. Nf3 d5 3. d3 Qc7 4. exd5 cxd5 5. c4 Nf6 6. Nc3 dxc4 7. dxc4 a6 8. g3 e5 9. Bg2 Bb4 10. Bd2 0-0 11. 0-0 Bxc3 12. Bxc3 Nc6 13. Qc2 Bg4 14. h3 Bh5 15. b3 Rad8 16. Rfe1 Bxf3 17. Bxf3 Nd4 18. Bxd4 Rxd4 19. Re2 b6 20. Rae1 Nd7 21. Bg4 f6 22. Rd2 Rxd2 23. Qxd2 f5 24. Qd5+ Kh8 25. Bd1 e4 26. Kg2 Ne5 27. Be2 Qe7 28. Rd1 Ng6 29. Bh5 f4 30. Bxg6 hxg6 31. Qd6 Qe8 32. Qd7 Qe5 33. Qd6 Qe8 34. Qd7 Qe5 35. Qd6 *

[Event "KAZ-ch U20"]
[Site "Almaty"]
[Date "2025.05.02"]
[Round "3"]
[White "Syzdyk, Samir"]
[Black "Shonazarov, Orash"]
[Result "1/2-1/2"]
[WhiteElo "1993"]
[BlackElo "2278"]
[PlyCount "76"]
[EventDate "2025.05.01"]
[EventType "swiss"]
[EventRounds "9"]
[EventCountry "KAZ"]
[SourceTitle "CB19_2025"]
[SourceDate "2025.05.07"]
[SourceVersion "1"]
[SourceVersionDate "2025.05.07"]
[SourceQuality "1"]

1. d4 Nf6 2. Bf4 d5 3. Nf3 c6 4. e3 Qb6 5. Qc1 Bg4 6. Nbd2 e6 7. Bd3 c5 8. c3 Nc6 9. h3 Bh5 10. 0-0 Rc8 11. Qb1 Be7 12. dxc5 Bxc5 13. b4 Be7 14. a4 Qd8 15. Nd4 0-0 16. a5 a6 17. Qb2 Nd7 18. Nxc6 Rxc6 19. Rac1 Bf6 20. Qb3 Ne5 21. Bxe5 Bxe5 22. c4 dxc4 23. Nxc4 Bb8 24. Be4 Qc7 25. f4 Be2 26. Bxc6 Bxf1 27. Bf3 Bxc4 28. Qxc4 Qe7 29. Qe4 Ba7 30. Kh2 b6 31. Rc6 bxa5 32. bxa5 Qa3 33. Rxa6 Bxe3 34. Ra8 Qc1 35. Rxf8+ Kxf8 36. Qb4+ Ke8 37. Kg3 Qc7 38. a6 g5 1/2-1/2

[Event "Asian Continental op 20th"]
[Site "Almaty"]
[Date "2023.06.06"]
[Round "3"]
[White "Syzdyk, Samir"]
[Black "Tologontegin, Semetey"]
[Result "0-1"]
[WhiteElo "1524"]
[BlackElo "2371"]
[PlyCount "92"]
[EventDate "2023.06.04"]
[EventType "swiss"]
[EventRounds "9"]
[EventCountry "KAZ"]
[SourceTitle "CBM 214 Extra"]
[Source "ChessBase"]
[SourceDate "2023.07.31"]
[SourceVersion "1"]
[SourceVersionDate "2023.07.31"]
[SourceQuality "1"]

1. e4 c5 2. Nf3 Nc6 3. d4 cxd4 4. Nxd4 Qb6 5. Nb3 Nf6 6. Nc3 e6 7. Be3 Qc7 8. Bd3 Be7 9. f4 d6 10. Qf3 a6 11. g4 b5 12. g5 Nd7 13. a4 b4 14. Ne2 Bb7 15. Ned4 Nxd4 16. Bxd4 e5 17. fxe5 Nxe5 18. Bxe5 dxe5 19. Rg1 0-0 20. Ke2 a5 21. Nd2 Ba6 22. Rac1 g6 23. b3 f6 24. gxf6 Rxf6 25. Qh3 Bc8 26. Qg2 Rf4 27. Rcf1 Bg4+ 28. Qxg4 Rxg4 29. Rxg4 Rf8 30. Rxf8+ Bxf8 31. Rg3 Bh6 32. Nc4 Bf4 33. Rg2 Qc5 34. Rf2 Kg7 35. Rg2 h5 36. Kf1 Kh6 37. Be2 g5 38. Rf2 g4 39. Kg2 Kg5 40. Rf1 Qd4 41. Bd3 h4 42. Nxa5 Qe3 43. Nc4 Qh3+ 44. Kf2 Qxh2+ 45. Ke1 g3 46. a5 g2 0-1

[Event "Wch U12"]
[Site "Batumi"]
[Date "2022.09.25"]
[Round "9"]
[White "Syzdyk, Samir"]
[Black "Sanjay, Vasu"]
[Result "1-0"]
[WhiteElo "1470"]
[BlackElo "1579"]
[PlyCount "63"]
[EventDate "2022.09.16"]
[EventType "swiss"]
[EventRounds "11"]
[EventCountry "GEO"]
[SourceTitle "EXT 2023"]
[Source "ChessBase"]
[SourceDate "2022.10.05"]
[SourceVersion "1"]
[SourceVersionDate "2022.10.05"]
[SourceQuality "1"]

1. e4 e5 2. Nf3 Nf6 3. Nxe5 d6 4. Nf3 Nxe4 5. d4 d5 6. Bd3 Nc6 7. 0-0 Bg4 8. c4 Nf6 9. Nc3 Bxf3 10. Qxf3 Nxd4 11. Qh3 Be7 12. cxd5 Nxd5 13. Re1 Nf6 14. Bg5 Ne6 15. Bxf6 Bxf6 16. Bf5 Qc8 17. Nd5 c6 18. Nxf6+ gxf6 19. Bxe6 fxe6 20. Rxe6+ Kf7 21. Rae1 h5 22. Re7+ Kg6 23. R1e6 Qf8 24. Qd3+ Kh6 25. Qf5 Qxe7 26. Rxe7 Raf8 27. Qf4+ Kg6 28. Qg3+ Kf5 29. h4 Rhg8 30. Qd3+ Kg4 31. Qh3+ Kf4 32. Qf3# 1-0